Gonzaga portraits by Frans Pourbus II (Record no. 6660)

MARC details
000 -CABECERA
campo de control de longitud fija 00693nam a2200241 a 4500
001 - NÚMERO DE CONTROL
campo de control BRCA_6979
005 - FECHA Y HORA DE LA ÚLTIMA TRANSACCIÓN
campo de control 20190320205651.0
008 - DATOS DE LONGITUD FIJA--INFORMACIÓN GENERAL
campo de control de longitud fija 221111s1952----u--a######---#000-0#eng-#
041 ## - CÓDIGO DE LENGUA
Código de lengua del texto/banda sonora o título independiente eng
044 ## - CÓDIGO DEL PAÍS DE LA ENTIDAD EDITORA/PRODUCTORA
Código MARC del país u
050 #4 - SIGNATURA TOPOGRÁFICA DE LA BIBLIOTECA DEL CONGRESO
Número de clasificación ND673
Número de documento/Ítem .P68 S66
-- 1952
245 10 - MENCIÓN DE TÍTULO
Título Gonzaga portraits by Frans Pourbus II
Mención de responsabilidad, etc. by Martin S. Soria
260 ## - PUBLICACIÓN, DISTRIBUCIÓN, ETC.
Lugar de publicación, distribución, etc. Estados Unidos
Fecha de publicación, distribución, etc. 1952
300 ## - DESCRIPCIÓN FÍSICA
Extensión pp. 37-44
Otras características físicas il.
500 ## - NOTA GENERAL
Nota general Sobretiro de: The Art Quarterly (Spring 1952)
500 ## - NOTA GENERAL
Nota general Dedicatoria del autor a Franz Mayer
500 ## - NOTA GENERAL
Nota general O211
600 14 - PUNTO DE ACCESO ADICIONAL DE MATERIA--NOMBRE DE PERSONA
Nombre de persona Pourbus, Frans
Fechas asociadas al nombre 1569-1622
9 (RLIN) 17378
650 14 - PUNTO DE ACCESO ADICIONAL DE MATERIA--TÉRMINO DE MATERIA
Término de materia o nombre geográfico como elemento de entrada Pintores flamencos
9 (RLIN) 7571
650 14 - PUNTO DE ACCESO ADICIONAL DE MATERIA--TÉRMINO DE MATERIA
Término de materia o nombre geográfico como elemento de entrada Gonzaga, Familia
Subdivisión general Retratos
9 (RLIN) 17379
902 ## - CATALOGADOR
Iniciales GFM
942 ## - ELEMENTOS DE PUNTO DE ACCESO ADICIONAL (KOHA)
Fuente del sistema de clasificación o colocación Library of Congress Classification
Tipo de ítem Koha Libros
Holdings
Estado de retiro Estado de pérdida Estado dañado No para préstamo Localización permanente Ubicación/localización actual Fecha de adquisición Número de inventario Total de préstamos Signatura topográfica completa Código de barras Fecha visto por última vez Precio válido a partir de Tipo de ítem Koha
El ejemplar forma parte de la colección y puede ser consultado según las políticas vigentes.       Biblioteca del Museo Franz Mayer (Rogerio Casas-Alatriste) Biblioteca del Museo Franz Mayer (Rogerio Casas-Alatriste) 22/11/2011 O211   ND673 .P68 S66 1952 (O211) 7426 22/03/2019 22/03/2019 Libros